000 00964nam a2200265Ia 4500
003 OSt
005 20221005110537.0
006 a|||||r|||| 00| 0
007 ta
008 221004b |||||||| |||| 00| 0 hin d
020 _a8177143077 (hbk)
_c2500
024 _a93653
037 _b417, 23/03/2009, Swaraj Prakashan
_cTextual
040 _aCRL
_cCRL
_bhin
041 _2hin
_ahin
082 _aO157,6N64x, 152P8
100 _aचौबे, कृपा शंकर
245 0 _aसमाज, संस्कृति और समय
246 _aSamāja, sanskṛuti aur samaya
260 _aनई दिल्ली
_bप्रकाशन संस्थान भारत
_c2008
300 _a384पृ0
_ccm.
650 _aबंगाली साहित्य
942 _hO157,6N64x, 152P8
_cTEXL
_2cc
999 _c1019151
_d1019151